| 000 | 01131cam a22003011 4500 | ||
|---|---|---|---|
| 001 | l 45000091 | ||
| 003 | DLC | ||
| 005 | 20260227111539.0 | ||
| 008 | 810807s1945 dcu f000 0 eng c | ||
| 010 | _al 45000091 | ||
| 035 | _a(OCoLC)7648744 | ||
| 040 |
_aU.S. Dept. of Labor. Libr. _cViBlbV _dViBlbV _dDLC |
||
| 042 | _apremarc | ||
| 050 | 0 | 0 |
_aHD8051 _b.A62 no. 835 |
| 082 | _a331.06173 | ||
| 100 | 1 | _aFrazer, Arthur Watson. | |
| 245 | 1 | 0 | _aPostwar employment prospects for women in the hosiery industry ... |
| 260 |
_aWashington, D.C., _bU.S. Govt. Print. Off. _c[1945] |
||
| 300 |
_aii, 12 p. _c23 cm. |
||
| 410 | 1 | 0 |
_aUnited States. _bBureau of Labor Statistics. _tBulletin _vno. 835 |
| 500 | _aU.S. 79th Cong., 1st sess. House. Doc. no. 223. | ||
| 500 | _aAt head of title: ... United States Dept. of Labor ... Bureau of Labor Statistics ... | ||
| 500 | _a"Prepared by Arthur W. Fraser and Abraham Ringel."--Letter of transmittal. | ||
| 500 | _a"Reprinted from the Monthly Labor Review, May 1945."--p. 1. | ||
| 650 | 0 | _aHosiery. | |
| 650 | 0 |
_aWomen _xEmployment _zUnited States. |
|
| 700 | 1 | _aRingel, Abraham. | |
| 999 |
_c36508 _d36508 |
||